书目信息 |
| 题名: |
现代财务管理
|
|
| 作者: | 李豫湘 主编 | |
| 分册: | ||
| 出版信息: | 重庆 重庆大学出版社 1997.02 |
|
| 页数: | 310页 | |
| 开本: | 16开 | |
| 丛书名: | ||
| 单 册: | ||
| 中图分类: | F275 | |
| 科图分类: | ||
| 主题词: | 企业经济 | |
| 电子资源: | ||
| ISBN: | 7-5624-1383-5 | |
| 000 | 00560nam0 2200193 45 | |
| 001 | 9909081132 | |
| 005 | 19990908113902.8 | |
| 010 | @a7-5624-1383-5@d21.00元 | |
| 100 | @a19990908d1997 km y0chiy0120 ea | |
| 101 | @achi | |
| 105 | @a z 000yy | |
| 200 | 1 | @a现代财务管理@AXian Dai Cai Wu Guan Li@f李豫湘,李嘉明主编@FLi Yu Xiang,Li Jia Ming Zhu Bian |
| 210 | @a重庆@c重庆大学出版社@d1997.02 | |
| 215 | @a310页@d16开 | |
| 606 | 0 | @a企业经济 |
| 690 | @aF275@v3 | |
| 701 | @a李豫湘@4主编 | |
| 801 | @aCN@bPFTUser@c19990908 | |
| 905 | @f3@b40232-234@dF275@eL903 | |
| 现代财务管理/李豫湘,李嘉明主编.-重庆:重庆大学出版社,1997.02 |
| 310页;16开 |
| ISBN 7-5624-1383-5:21.00元 |
| ● |
| 相关链接 |
|
|
|
正题名:现代财务管理
索取号:F275/L903
 
预约/预借
| 序号 | 登录号 | 条形码 | 馆藏地/架位号 | 状态 | 备注 |
| 1 | 40232 | 200402322 | 社科库409/409社科库 94排3列4层/ [索取号:F275/L903] | 在馆 | |
| 2 | 40233 | 200402331 | 社科二线422/422社科库 19排2列1层/ [索取号:F275/L903] | 在馆 | |
| 3 | 40234 | 200402340 | 社科库409/400B社科库 10排1列3层/ [索取号:F275/L903] | 在馆 |